| 000 | 00647nam a2200217 a 4500 | ||
|---|---|---|---|
| 005 | 20210219160145.0 | ||
| 008 | 080918s1973 mx r 000 0 spa d | ||
| 020 | _a9231010956 | ||
| 035 | _aUPN01000159685 | ||
| 049 | _aUNE | ||
| 080 | _a37.015.2 =20 ANT No.11 | ||
| 245 | 0 | 0 | _aAnthropology and language science in educational development. |
| 260 |
_aParis : _bUNESCO, _c1973. |
||
| 300 |
_a58 p.; _bfot. |
||
| 440 | 0 |
_aEducational studies and documents, new series ; _v11 |
|
| 690 | _aAntropología de la educación | ||
| 690 | _a2.- Sociolingüística | ||
| 690 | _aDesarrollo de la educación | ||
| 710 | 2 | _aUNESCO | |
| 905 | _aUNESCO | ||
| 999 |
_c131799 _d131799 |
||